[Event "Turkey IS Bank Super League 2017"]
[Site "Darica-Kocaeli"]
[Date "2017.08.08"]
[Round "13"]
[White "Arda, Cagil Irmak"]
[Black "Yassibag, Ipek Asli"]
[Result "0-1"]
[WhiteElo "2080"]
[BlackElo "1880"]
[Annotator "NA RC"]
[PlyCount "118"]
[EventType "team-tourn"]
[EventCountry "TUR"]
[SourceTitle "playchess.com"]
[Source "ChessBase"]
[SourceQuality "1"]
[TimeControl "40/5400+30:1800+30"]

1. e4 {[%emt 0:01:30]} d5 {[%emt 0:01:00]} 2. exd5 {[%emt 0:00:00]} Nf6 {[%emt 0:00:30]} 3. Bb5+ {[%emt 0:00:00]} Bd7 {[%emt 0:00:30]} 4. Be2 {[%emt 0:00:30]} Nxd5 {[%emt 0:00:30]} 5. d4 {[%emt 0:00:00] LiveBook: 364 Games} Bf5 {[%emt 0:00:30]} 6. Nf3 {[%emt 0:00:00]} e6 {[%emt 0:02:30]} 7. O-O {[%emt 0:01:30]} Bd6 {[%emt 0:05:30]} 8. g3 {[%emt 0:05:30] B01: Scandinavian Defence} (8. Re1 O-O 9. a3 Nd7 10. c4 Nf4 11. Bf1 c5 12. Nc3 a6 13. Ne4 Bxe4 14. Rxe4 Ng6 15. dxc5 Bxc5 {1-0 (39) Hansen,S (2555)-Peek,M (2383) Netherlands 2006}) 8... O-O $146 {[%emt 0:02:30]} ({Find the theoretical novelty and annotate with similar games:} 8... Nd7 9. a3 N5f6 10. c4 c5 11. Nc3 O-O 12. Be3 a6 13. Kg2 h6 14. Nh4 Bh7 15. f4 Qe7 {0-1 (36) Bodnaruk,A (2198)-Vozovic,O (2288) Kharkov 2005}) 9. a3 {[%emt 0:00:30]} Nc6 {[%emt 0:00:30]} 10. c4 {[%emt 0:00:30]} Nf6 {[%emt 0:01:30]} 11. b4 {[%emt 0:02:30]} a6 {[%emt 0:01:30]} 12. Bb2 {[%emt 0:01:30]} Be7 {[%emt 0:07:30]} 13. Re1 {[%emt 0:01:30]} Ne4 {[%emt 0:06:30]} (13... Nd7 $14) 14. Bd3 {[%emt 0:01:30]} Ng5 {[%emt 0:01:30]} 15. Bxf5 {[%emt 0:10:30]} exf5 {[%emt 0:00:30]} 16. Nbd2 {[%emt 0:01:30]} Bf6 {[%emt 0:09:30]} 17. Nxg5 {[%emt 0:03:30]} Bxg5 {[%emt 0:03:30]} 18. f4 {[%emt 0:00:30]} ({White should play} 18. d5 $16) 18... Bf6 {[%emt 0:02:30]} 19. Nf3 {[%emt 0:00:00]} Re8 {[%emt 0:00:30]} 20. Ne5 {[%emt 0:00:00]} Ne7 {[%emt 0:04:30]} 21. Qf3 {[%emt 0:05:30]} c6 {[%emt 0:02:30]} 22. Kh1 {[%emt 0:00:00]} g6 {[%emt 0:05:30]} 23. h3 {[%emt 0:02:00]} Bg7 {[%emt 0:05:30]} 24. Kg2 {[%emt 0:01:30]} Nc8 {[%emt 0:01:30]} 25. a4 {[%emt 0:05:30]} Nd6 {[%emt 0:01:30]} 26. Qb3 {[%emt 0:01:30]} Bxe5 {[%emt 0:05:30]} 27. fxe5 {[%emt 0:04:30]} Ne4 {[%emt 0:01:30]} 28. d5 {[%emt 0:01:30]} cxd5 {[%emt 0:06:30]} 29. cxd5 {[%emt 0:00:30]} Qb6 $2 {[%emt 0:00:30]} (29... Rc8 $11 {and Black is okay.}) 30. Re2 {[%emt 0:03:30]} Rad8 {[%emt 0:05:35]} 31. Rd1 {[%emt 0:03:30]} a5 {[%emt 0:02:55]} (31... Qc7 $16 {was called for.}) 32. b5 {[%emt 0:01:30]} Qc5 {[%emt 0:01:17]} 33. Rd3 {[%emt 0:11:30]} Qe7 {[%emt 0:03:59]} 34. Qa2 {[%emt 0:07:30]} Qb4 {[%emt 0:03:42]} 35. Rd4 {[%emt 0:02:30]} Qc5 {[%emt 0:00:24]} 36. Rd3 {[%emt 0:02:30]} Qb4 {[%emt 0:00:20]} 37. Qa1 {[%emt 0:01:11]} Qc4 {[%emt 0:03:12]} 38. Qd1 {[%emt 0:00:10]} Nc5 {[%emt 0:00:34]} 39. Rd4 {[%emt 0:04:18]} Qb3 {[%emt 0:00:12]} 40. Qxb3 {[%emt 0:00:00]} Nxb3 {[%emt 0:30:33]} 41. Rd1 {[%emt 0:05:51]} Nc5 {[%emt 0:00:00]} 42. Bc3 {[%emt 0:00:00]} Nxa4 {[%emt 0:00:00]} 43. Bxa5 {[%emt 0:03:00]} Rd7 {[%emt 0:00:00]} 44. Ra2 {[%emt 0:05:30]} Nc5 {[%emt 0:00:00]} 45. Bc3 {[%emt 0:00:30]} Ne4 {[%emt 0:00:00]} 46. Ba1 {[%emt 0:01:30]} Red8 {[%emt 0:00:00]} (46... f6 $5) 47. Rc2 {[%emt 0:06:30]} h6 {[%emt 0:00:00]} ({Don't go for} 47... Rxd5 $2 48. Rxd5 Rxd5 49. Rc8+ Kg7 50. e6+ f6 51. e7 $18) (47... Kf8 $11 {keeps the balance.}) 48. h4 {[%emt 0:02:30]} (48. d6 $16) 48... g5 {[%emt 0:00:00]} 49. d6 {[%emt 0:00:00]} f6 {[%emt 0:00:11] [#]} (49... Ra8 {is a better defense.}) 50. e6 $1 {[%emt 0:04:00]} Rxd6 {[%emt 0:01:00]} 51. Rxd6 {[%emt 0:00:30]} Rxd6 {[%emt 0:02:46]} 52. Rc8+ {[%emt 0:00:30]} Kg7 {[%emt 0:00:30]} 53. e7 {[%emt 0:00:30]} Rd2+ {[%emt 0:00:00]} 54. Kf3 {[%emt 0:00:00]} Nd6 {[%emt 0:00:38]} 55. e8=Q {[%emt 0:04:57]} Nxe8 {[%emt 0:00:39]} 56. Rxe8 {[%emt 0:00:04]} Rd3+ {[%emt 0:03:59]} (56... Rd1 $16 {keeps fighting.}) 57. Re3 {[%emt 0:01:34]} Rd1 {[%emt 0:01:29]} 58. Bb2 {[%emt 0:02:08]} Rd2 {[%emt 0:00:15]} 59. Bc3 {[%emt 0:01:54]} (59. Rb3 $16) 59... g4+ {[%emt 0:00:06]} 0-1

[Event "Turkey IS Bank Super League 2017"]
[Site "Darica-Kocaeli"]
[Date "2017.08.06"]
[Round "13"]
[White "Gundogan, Cem"]
[Black "Tari, Aryan"]
[Result "0-1"]
[WhiteElo "2062"]
[BlackElo "2595"]
[Annotator "TA"]
[PlyCount "84"]
[EventType "team-tourn"]
[EventCountry "TUR"]
[SourceTitle "playchess.com"]
[Source "ChessBase"]
[SourceQuality "1"]

{[%evp 10,84,12,17,34,38,64,30,32,18,26,0,6,-26,-18,-20,12,6,14,27,28,27,4,11,72,66,63,53,63,55,66,45,48,48,66,0,0,-48,-46,-72,-72,-87,-87,-100,-79,-104,-98,-101,-57,-134,-142,-134,-85,-131,-74,-147,-108,-302,-289,-444,-434,-441,-437,-412,-397,-449,-435,-704,-678,-779,-777,-743,-752,-745,-731,-1019,-1027]} 1. e4 e5 2. Nf3 Nc6 3. Bb5 a6 4. Ba4 Nge7 5. d4 exd4 6. Nxd4 {LiveBook: 19 Games} Ng6 {C70: Ruy Lopez: 3...a6 4 Ba4, Norwegian and Delayed Schliemann} (6... Nxd4 7. Qxd4 Nc6 8. Bxc6 dxc6 9. Qxd8+ Kxd8 10. Nc3 Bb4 11. Bd2 Be6 12. O-O-O Kc8 13. a3 Bc5 14. f3 Bc4 15. Bf4 {½-½ (52) Cuartas,J (2521)-Gajewski,G (2628) Barcelona 2012}) 7. Nxc6 bxc6 8. O-O $146 ({Predecessor:} 8. Be3 Bd6 9. Nd2 a5 10. Nc4 Bf4 11. g3 Bxe3 12. Nxe3 Qe7 13. Qd4 O-O 14. Nf5 {0-1 (46) Azaiez,F (2084)-Haddouche,M (2469) Monastir 2013}) 8... Bc5 {White has an edge.} 9. Qh5 Qe7 10. Nc3 O-O 11. Kh1 Bd4 12. Bd2 Bxc3 13. Bxc3 Qxe4 14. Qa5 $1 Nf4 {[%csl Gf4][%cal Re4g2] [#]} 15. f3 Qg6 {[%csl Gf4][%cal Rg6g2]} 16. Rf2 Ne6 (16... Nd5 $11) 17. f4 $16 {[%mdl 1024] White has strong compensation.} f5 $1 18. Rf3 Qe8 19. Bb3 d5 {[%cal Bd7d5,Bd5d4][%mdl 32]} 20. Rg3 {Bxd5! is the strong threat.} Rf7 21. Re1 Qd8 22. Be5 ({White should play} 22. Rge3 $14) 22... c5 $1 $11 23. c4 d4 24. Bd1 Bb7 25. Bh5 {[#]} Rd7 $1 26. Qd2 Qh4 (26... Be4 {looks sharper.} 27. Kg1 a5 28. Qd1 Qf8 29. b3 Ra6) 27. Bf3 Bxf3 28. Rxf3 Re8 29. g3 (29. Ra3 $15) 29... Qd8 $17 30. Ra3 Qc8 31. Qg2 c6 (31... Nd8 $142 32. Ra5 Nb7 33. Rxa6 Nd6) 32. h3 ({Better is} 32. Qd2) 32... Rde7 {Hoping for ...Nf8.} 33. Qc2 $2 (33. Ra5 $17 {keeps fighting.}) 33... Nf8 34. Ra5 (34. Rf1 $142) 34... Nd7 $19 {[%cal Rd7e5]} 35. Qxf5 Qb7 {Threatens to win with ...Qb4.} 36. Ra3 {If White can now play Rb3 this consolidates a bit.} Qxb2 37. Rf3 Qxa2 {Black is clearly winning.} 38. Ref1 (38. Rc1 $142) 38... Qxc4 39. Qd3 Qxd3 40. Rxd3 Nxe5 41. fxe5 Rxe5 42. Kg2 Re3 {Precision: White = 34%, Black = 74%.} 0-1

[Event "Turkey IS Bank Super League 2017"]
[Site "Darica-Kocaeli"]
[Date "2017.08.06"]
[Round "13"]
[White "Gulden, Egemen"]
[Black "Ozenir, Ekin Baris"]
[Result "0-1"]
[WhiteElo "2044"]
[BlackElo "2098"]
[Annotator "NA"]
[PlyCount "94"]
[EventType "team-tourn"]
[EventCountry "TUR"]
[SourceTitle "playchess.com"]
[Source "ChessBase"]
[SourceQuality "1"]
[TimeControl "40/5400+30:1800+30"]

1. e4 {[%emt 0:01:30]} e6 {[%emt 0:01:00]} 2. d4 {[%emt 0:00:00]} d5 {[%emt 0:00:30]} 3. Nd2 {[%emt 0:00:00]} c5 {[%emt 0:00:30]} 4. Ngf3 {[%emt 0:00:30]} Nc6 {[%emt 0:02:30]} 5. exd5 {[%emt 0:00:30]} exd5 {[%emt 0:00:30]} 6. Bb5 {[%emt 0:00:30]} Bd6 {[%emt 0:00:30]} 7. dxc5 {[%emt 0:02:30]} Bxc5 {[%emt 0:02:30]} 8. O-O {[%emt 0:02:30]} Nge7 {[%emt 0:00:30]} 9. Nb3 {[%emt 0:02:30]} Bb6 {[%emt 0:02:30]} 10. Bg5 {[%emt 0:07:30]} O-O {[%emt 0:01:30]} 11. Nbd4 {[%emt 0:05:30]} (11. Re1 $5 {[%cal Rb5c6]} Qd6 12. c4 $14) 11... Bd7 {[%emt 0:21:30]} 12. a4 {[%emt 0:25:30]} a6 {[%emt 0:06:30]} 13. Be2 {[%emt 0:04:30]} f6 {[%emt 0:00:30]} 14. Be3 {[%emt 0:04:30]} Ne5 {[%emt 0:09:30]} 15. c3 $11 {[%emt 0:05:30]} Rc8 {[%emt 0:05:30]} 16. Qb3 {[%emt 0:06:30]} Nc4 {[%emt 0:04:30]} 17. Bf4 {[%emt 0:06:30]} Ng6 {[%emt 0:05:30]} 18. Bg3 {[%emt 0:00:30]} f5 {[%emt 0:11:30]} 19. h3 {[%emt 0:07:35]} f4 {[%emt 0:01:30]} 20. Bh2 {[%emt 0:00:02]} a5 {[%emt 0:08:05]} 21. Bd3 {[%emt 0:01:54]} Qf6 {[%emt 0:02:05]} 22. Qc2 {[%emt 0:06:11]} Bxd4 {[%emt 0:03:45]} 23. Nxd4 {[%emt 0:02:12]} Nge5 {[%emt 0:02:29]} 24. Bxh7+ {[%emt 0:04:01]} Kh8 {[%emt 0:00:04]} 25. b3 {[%emt 0:00:00]} Nd6 {[%emt 0:01:22]} 26. Rae1 {[%emt 0:01:33]} g6 {[%emt 0:02:27]} 27. Rxe5 {[%emt 0:01:14]} Qxe5 {[%emt 0:00:12]} 28. Bxg6 {[%emt 0:00:00]} Ne4 {[%emt 0:00:59]} 29. Qd1 {[%emt 0:01:48]} Nxc3 {[%emt 0:01:13]} 30. Qf3 {[%emt 0:00:53]} Qg5 {[%emt 0:01:08]} 31. Bd3 {[%emt 0:00:20]} Rce8 {[%emt 0:01:06]} 32. Rc1 {[%emt 0:00:36]} Ne4 {[%emt 0:01:13]} 33. Rc7 {[%emt 0:00:19]} Nd2 {[%emt 0:00:22]} 34. Qd1 {[%emt 0:00:30]} Qe5 {[%emt 0:00:54]} 35. Qxd2 {[%emt 0:01:08]} Qxc7 {[%emt 0:00:30]} 36. Ne2 {[%emt 0:00:00]} Qe5 {[%emt 0:00:42]} 37. Nxf4 {[%emt 0:00:44]} Qe1+ {[%emt 0:00:30]} 38. Qxe1 {[%emt 0:00:30]} Rxe1+ {[%emt 0:00:30]} 39. Bf1 {[%emt 0:00:00]} Rxf4 {[%emt 0:00:51]} 40. Bxf4 {[%emt 0:00:04]} Bf5 {[%emt 0:00:03]} 41. Bd2 {[%emt 0:01:56]} Rd1 {[%emt 0:00:30]} 42. Bxa5 {[%emt 0:00:30]} Bd3 {[%emt 0:00:00]} 43. g4 {[%emt 0:00:30]} Bxf1 {[%emt 0:00:00]} 44. Kh2 {[%emt 0:00:30]} Rd3 {[%emt 0:00:30]} 45. h4 {[%emt 0:00:30]} Rh3+ {[%emt 0:00:30]} 46. Kg1 {[%emt 0:00:30]} Be2 {[%emt 0:00:00]} 47. Bd8 {[%emt 0:02:30]} Bf3 {[%emt 0:00:00]} 0-1

[Event "Turkey IS Bank Super League 2017"]
[Site "Darica-Kocaeli"]
[Date "2017.08.06"]
[Round "13"]
[White "Unat, Can Haktan"]
[Black "Yilmaz, Goktan"]
[Result "0-1"]
[WhiteElo "2006"]
[BlackElo "2202"]
[Annotator "NA"]
[PlyCount "105"]
[EventType "team-tourn"]
[EventCountry "TUR"]
[SourceTitle "playchess.com"]
[Source "ChessBase"]
[SourceQuality "1"]
[TimeControl "40/5400+30:1800+30"]

{[%evp 8,97,6,25,32767,32767,32767,32767,32767,32767,32767,32767,32767,32767,32767,32767,18,32767,32767,32767,20,0,-1,-38,32,22,69,58,32767,83,93,74,110,37,57,9,56,-68,-68,-86,-72,-77,-79,-51,-16,-7,32767,32767,-68,32767,-81,-105,-80,32767,32767,32767,32767,32767,-127,32767,32767,32767,32767,-229,-272,32767,32767,-244,-242,-248,-277,-267,-278,32767,32767,32767,32767,-262,-334,-419,-386,-466,32767,32767,32767,32767,32767,32767,32767,32767,-593,-433]} 1. Nf3 {[%emt 0:00:30]} Nf6 {[%emt 0:01:00]} 2. g3 {[%emt 0:00:30]} g6 {[%emt 0:00:30]} 3. b3 {[%emt 0:00:30]} Bg7 {[%emt 0:00:00]} 4. Bb2 {[%emt 0:00:00]} O-O {[%emt 0:00:00]} 5. Bg2 {[%emt 0:00:00] LiveBook: 1800 Games} c5 {[%emt 0:00:30]} 6. c4 {[%emt 0:00:30]} Nc6 {[%emt 0:00:30]} 7. O-O {[%emt 0:00:30]} d6 {[%emt 0:00:00]} 8. d4 {[%emt 0:00:00]} cxd4 {[%emt 0:04:00]} 9. Nxd4 {[%emt 0:00:00]} Bd7 {[%emt 0:00:00]} 10. Nc3 {[%emt 0:03:30]} a6 {[%emt 0:01:00]} 11. Rc1 {[%emt 0:00:30]} Qa5 {[%emt 0:04:30] E60: King's Indian: Unusual lines and Fianchetto Variation without Nc3} 12. e3 {[%emt 0:06:30]} Rac8 {[%emt 0:01:30]} 13. Qe2 {[%emt 0:04:30]} (13. a3 Bg4 14. Qd2 Qh5 15. Nce2 Nxd4 16. Nxd4 e5 17. Nc2 Bf3 18. Bxf3 Qxf3 19. Qd1 Qc6 20. Nb4 Qb6 {½-½ (20) Bachmann,A (2649)-Shimanov,A (2627) Philadelphia 2016}) 13... Bg4 $146 {[%emt 0:02:30]} ({Predecessor:} 13... Rfe8 14. Rfd1 Bg4 15. Nxc6 bxc6 16. f3 Be6 17. Na4 c5 18. Bc3 Qc7 19. Qe1 {1-0 (89) Le Roux,J (2447)-Mogranzini,R (2421) Szeged 2007}) 14. f3 {[%emt 0:01:30]} Bd7 {[%emt 0:00:30]} 15. Rfd1 {[%emt 0:08:30]} Qh5 {[%emt 0:00:30]} (15... b5 $15) 16. Nxc6 {[%emt 0:01:30]} bxc6 {[%emt 0:04:30]} 17. Na4 {[%emt 0:10:30]} Rc7 {[%emt 0:07:30]} 18. c5 {[%emt 0:04:30]} d5 {[%emt 0:00:30]} 19. Nb6 {[%emt 0:00:30]} e5 {[%emt 0:00:30]} 20. Nxd7 {[%emt 0:00:30]} (20. Qxa6 $16 Be6 21. Rf1) 20... Nxd7 {[%emt 0:00:30]} 21. Rc2 {[%emt 0:13:30]} f5 {[%emt 0:02:30]} 22. f4 {[%emt 0:03:30]} (22. Qxa6 $14 e4 23. Bxg7 Kxg7 24. Qa5) 22... Qxe2 {[%emt 0:01:30]} 23. Rxe2 {[%emt 0:00:00]} exf4 {[%emt 0:01:30]} ({Worse is} 23... Nxc5 24. Ba3 $16 (24. fxe5 Rfc8 $11)) 24. Bxg7 {[%emt 0:04:00]} Kxg7 {[%emt 0:00:30]} 25. exf4 {[%emt 0:01:30]} Nxc5 {[%emt 0:00:30]} 26. Rc2 {[%emt 0:02:30]} Ne6 {[%emt 0:01:30]} 27. b4 {[%emt 0:00:30]} Rb8 {[%emt 0:02:30]} 28. a3 {[%emt 0:02:30]} Kf6 {[%emt 0:00:30]} 29. Re1 {[%emt 0:06:30]} Nd4 {[%emt 0:03:30]} 30. Rd2 {[%emt 0:00:30]} Nb5 {[%emt 0:00:30]} 31. Rde2 {[%emt 0:01:30]} Nxa3 {[%emt 0:01:30]} 32. Ra1 {[%emt 0:00:30]} Nc4 {[%emt 0:05:30]} 33. Rxa6 {[%emt 0:00:30]} Rb6 {[%emt 0:00:30]} 34. Ra8 {[%emt 0:02:30]} Rxb4 {[%emt 0:00:30]} 35. Rf8+ {[%emt 0:02:30]} Kg7 {[%emt 0:01:30]} 36. Rfe8 {[%emt 0:01:20]} Rb1+ {[%emt 0:01:30]} 37. Kf2 {[%emt 0:00:34]} Rb2 {[%emt 0:00:30]} 38. Rxb2 {[%emt 0:00:30]} Nxb2 {[%emt 0:00:00]} 39. Ke3 {[%emt 0:00:35]} Kf7 {[%emt 0:00:00]} 40. Rb8 {[%emt 0:00:41]} Nc4+ {[%emt 0:00:30]} 41. Kd4 {[%emt 0:00:20]} Ke6 {[%emt 0:01:30]} 42. Kc5 {[%emt 0:00:00]} Nd6 {[%emt 0:01:30]} 43. Kb6 {[%emt 0:01:00]} Kd7 {[%emt 0:00:30]} 44. Rg8 {[%emt 0:00:30]} Rb7+ {[%emt 0:00:00]} 45. Kc5 {[%emt 0:01:30]} Rb5+ {[%emt 0:00:00]} 46. Kd4 {[%emt 0:00:30]} Ke6 {[%emt 0:00:30]} 47. Ra8 {[%emt 0:00:30]} c5+ {[%emt 0:00:30]} 48. Kc3 {[%emt 0:00:30]} d4+ {[%emt 0:00:00]} 49. Kc2 $19 {[%emt 0:00:00]} c4 {[%emt 0:00:00]} 50. Bf1 {[%emt 0:01:00]} d3+ {[%emt 0:01:30]} 51. Kd2 {[%emt 0:00:30]} Rb2+ {[%emt 0:00:30]} 52. Ke3 {[%emt 0:00:30]} Rb1 {[%emt 0:00:30]} 53. Kd4 {[%emt 0:03:30]} 0-1

[Event "Turkey IS Bank Super League 2017"]
[Site "Darica-Kocaeli"]
[Date "2017.08.08"]
[Round "13"]
[White "Gundogan, Sinem Cagla"]
[Black "Ayan, Bengu Sena"]
[Result "1-0"]
[WhiteElo "2000"]
[BlackElo "1862"]
[Annotator "NA RC"]
[PlyCount "113"]
[EventType "team-tourn"]
[EventCountry "TUR"]
[SourceTitle "playchess.com"]
[Source "ChessBase"]
[SourceQuality "1"]
[TimeControl "40/5400+30:1800+30"]

1. e4 {[%emt 0:00:30]} e6 {[%emt 0:01:00]} 2. d4 {[%emt 0:00:30]} d5 {[%emt 0:00:30]} 3. e5 {[%emt 0:00:30]} c5 {[%emt 0:00:30]} 4. c3 {[%emt 0:00:00]} Qb6 {[%emt 0:00:30]} 5. Nf3 {[%emt 0:00:00]} Nc6 {[%emt 0:00:00]} 6. a3 {[%emt 0:00:00]} Bd7 {[%emt 0:00:00]} 7. b4 {[%emt 0:01:00]} cxd4 {[%emt 0:00:30]} 8. cxd4 {[%emt 0:00:00]} Rc8 {[%emt 0:00:00]} 9. Be3 {[%emt 0:01:00]} Nge7 {[%emt 0:07:00]} 10. Bd3 {[%emt 0:03:30]} Nf5 {[%emt 0:02:30]} 11. Nbd2 {[%emt 0:03:30]} Be7 {[%emt 0:10:30]} ({Not} 11... Nfxd4 $2 12. Nxd4 Nxd4 13. Qg4 $18) 12. O-O {[%emt 0:03:30]} O-O {[%emt 0:06:30]} 13. Nb3 {[%emt 0:02:30] C02: French: Advance Variation} Nxe3 {[%emt 0:04:30]} 14. fxe3 {[%emt 0:00:30] LiveBook: 27 Games} f6 {[%emt 0:00:30]} 15. Nc5 {[%emt 0:01:30]} Qc7 {[%emt 0:03:30]} 16. exf6 {[%emt 0:05:30]} Bxf6 {[%emt 0:01:30]} 17. Rc1 {[%emt 0:01:30]} b6 {[%emt 0:10:30]} 18. Nxd7 {[%emt 0:26:30]} Qxd7 {[%emt 0:00:30]} 19. b5 $146 {[%emt 0:10:30]} ({Predecessor:} 19. Ba6 Rc7 20. Qc2 Bd8 {1-0 (41) Jonkman,H (2498)-Dittmar,P (2330) Saint Vincent 2002}) 19... Ne7 {[%emt 0:04:30]} 20. Rxc8 {[%emt 0:01:30]} Qxc8 {[%emt 0:08:30]} 21. Qb1 {[%emt 0:04:30]} h6 {[%emt 0:02:30]} 22. Qb3 {[%emt 0:09:30]} Kh8 {[%emt 0:06:30]} 23. Bb1 {[%emt 0:01:30]} Qc4 {[%emt 0:01:30]} (23... g6 $11) 24. Qxc4 {[%emt 0:03:21]} dxc4 {[%emt 0:00:30]} 25. Ne5 {[%emt 0:00:00]} Rc8 {[%emt 0:01:30]} 26. Nf7+ {[%emt 0:00:09]} Kg8 {[%emt 0:00:30]} 27. Nd6 {[%emt 0:00:30]} Rc7 {[%emt 0:01:30]} (27... Rd8 $16 {is a better defense.} 28. Nxc4 Rc8) 28. Ne8 {[%emt 0:04:27]} Rd7 {[%emt 0:05:30]} 29. Ba2 {[%emt 0:01:17]} Kf7 {[%emt 0:00:30]} 30. Nxf6 {[%emt 0:00:36]} gxf6 {[%emt 0:00:30]} 31. Bxc4 {[%emt 0:00:00]} Nd5 {[%emt 0:04:02]} 32. Kf2 {[%emt 0:00:49]} Rc7 {[%emt 0:01:06]} 33. Rc1 {[%emt 0:00:59]} Ke7 {[%emt 0:01:55]} 34. Ke2 {[%emt 0:02:27]} Kd6 {[%emt 0:01:18]} 35. Kd3 {[%emt 0:02:17]} e5 {[%emt 0:06:17]} 36. g3 {[%emt 0:03:30]} f5 {[%emt 0:02:26]} 37. e4 {[%emt 0:01:42]} fxe4+ {[%emt 0:01:52]} 38. Kxe4 {[%emt 0:00:33]} exd4 {[%emt 0:00:25]} 39. Kxd4 {[%emt 0:00:27]} Nf6 {[%emt 0:01:21]} 40. Re1 {[%emt 0:00:00]} Ng4 {[%emt 0:04:18]} 41. Re6+ {[%emt 0:10:56]} Kd7 {[%emt 0:00:30]} 42. Re2 {[%emt 0:00:00]} Kd8 {[%emt 0:05:30]} 43. Be6 {[%emt 0:01:00]} Nf6 {[%emt 0:03:30]} 44. Ke5 {[%emt 0:03:30]} Nd7+ {[%emt 0:02:30]} 45. Kf5 {[%emt 0:02:30]} Nf8 {[%emt 0:01:51]} 46. a4 {[%emt 0:04:16]} Rc5+ {[%emt 0:00:55]} 47. Kf6 {[%emt 0:00:46]} Nxe6 {[%emt 0:01:01]} 48. Kxe6 {[%emt 0:01:51]} Rc4 {[%emt 0:01:56]} 49. Ra2 {[%emt 0:01:00]} h5 {[%emt 0:01:02]} 50. Kf5 {[%emt 0:00:11]} Ke7 {[%emt 0:00:01]} 51. Kg5 {[%emt 0:01:24]} Rc5+ {[%emt 0:03:03]} 52. Kg6 {[%emt 0:00:10]} Re5 $18 {[%emt 0:02:49]} 53. Rf2 {[%emt 0:00:22]} Kd6 {[%emt 0:03:47]} 54. Rf5 {[%emt 0:05:03]} Re4 {[%emt 0:01:30]} 55. Rf4 {[%emt 0:00:08]} Re5 {[%emt 0:00:06]} 56. Rh4 {[%emt 0:00:37]} Ke6 {[%emt 0:02:38]} 57. Rxh5 {[%emt 0:00:38]} 1-0

[Event "Turkey IS Bank Super League 2017"]
[Site "Darica-Kocaeli"]
[Date "2017.08.06"]
[Round "13"]
[White "Sop, Selen"]
[Black "Atalik, Ekaterina"]
[Result "0-1"]
[WhiteElo "1952"]
[BlackElo "2445"]
[Annotator "TA"]
[PlyCount "46"]
[EventType "team-tourn"]
[EventCountry "TUR"]
[SourceTitle "playchess.com"]
[Source "ChessBase"]
[SourceQuality "1"]

{[%evp 16,46,13,-13,-23,-14,12,0,13,-46,-40,-38,-31,-85,-80,-329,-325,-389,-361,-359,-367,-385,-386,-520,-502,-523,-518,-687,-675,-667,-663,-29995,-29996]} 1. Nf3 d5 2. g3 Nf6 3. Bg2 c5 4. O-O e6 5. d3 Be7 6. Nbd2 Nc6 7. Re1 b6 8. e4 Qc7 9. Nf1 (9. e5 $5 {[%cal Re5f6]} Nd7 10. c4 $11) 9... d4 {C00: French: Unusual White 2nd moves} (9... dxe4 10. dxe4 Ba6 11. Bf4 Qb7 12. c3 Rd8 13. Qc1 O-O 14. e5 Nd5 15. Bg5 Bd3 16. Ne3 Nxe3 17. Qxe3 Qc7 18. Rad1 {½-½ (39) Sadikhov,U (2483)-Nevednichy,V (2533) Cesme 2017}) 10. e5 Nd7 11. h4 h6 {The position is equal.} 12. N1h2 $146 (12. Bf4 $11) ({Predecessor:} 12. h5 Bb7 13. Qe2 O-O-O 14. N1d2 Rdg8 15. c3 dxc3 16. bxc3 g6 17. hxg6 Rxg6 {1-0 (27) Hitzgerova,G (2205)-Sochor,S (2120) Ceske Budejovice 1999}) 12... Bb7 $15 13. Bf4 O-O-O 14. a4 {[#]} (14. Ng4 $15) 14... Rdg8 $1 $17 {aiming for ...g5.} 15. Qc1 $2 {[#]} (15. Ng4 $17 {was necessary.}) 15... g5 $1 $19 {[%mdl 512]} 16. hxg5 hxg5 17. Bxg5 Bxg5 ({Less strong is} 17... Ndxe5 18. Bf4 $17) 18. Nxg5 Ncxe5 19. Nhf3 {White hopes to continue with a5!} f6 20. Nxe5 Nxe5 21. Rxe5 Bxg2 ({And not} 21... fxg5 22. Rxg5 Rxg5 23. Qxg5 $11) 22. Kxg2 Qxe5 23. Nf3 {[#]} Rxg3+ $1 {[%mdl 512] Precision: White = 20%, Black = 70%.} 0-1